Movie Titles en Français Quiz Stats

 Plays Quiz Updated Oct 5, 2016

Challenge
Share
Tweet
Embed
Score 0/38 Timer 07:00
3 Plays Today
Film en français Film in English % Correct
SeptSe7en
87.5%
Beauté américaineAmerican Beauty
85.7%
Le pianiste The Pianist
85.1%
Fiction pulpeusePulp Fiction
82.1%
Chauffeur de taxiTaxi Driver
80.7%
Monty Python sacré graal! Monty Python and the Holy Grail
79.6%
L'empire contre-attaqueStar Wars: Episode V - The Empire Strikes Back
77%
La MatriceThe Matrix
68.8%
C'est l'apocalypseApocalypse Now
67.3%
La cité de DieuCity of God
63.6%
Les temps modernesModern Times
61.8%
Les sept samouraïsSeven Samurai
55%
Le troisième hommeThe Third Man
53.8%
Les indestructiblesThe Incredibles
52.5%
Le cygne noirBlack Swan
51.7%
Le fabuleux destin d'Amélie PoulainAmélie
51.7%
Luke la main froideCool Hand Luke
50.4%
Le seigneur des anneaux -
Le retour du roi
The Lord of the Rings: The Return of the King
50.3%
Le pouilleux millionnaireSlumdog Millionaire
49.4%
Film en français Film in English % Correct
Mr. Smith au sénatMr. Smith Goes to Washington
49.3%
Coeur vaillantBraveheart
44.7%
Le trésor de la Sierra Madre The Treasure of the Sierra Madre
42.2%
Certains l'aiment chaudSome Like It Hot
39.5%
Le chevalier noirThe Dark Knight
38.1%
La vie est belle It's a Wonderful Life
37.7%
Il y aura du sangThere Will Be Blood
36.1%
Et pour quelques dollars de plusFor a Few Dollars More
33.8%
Bons baisers de BrugesIn Bruges
32.2%
Los Angeles interditeL.A. Confidential
29.9%
L'armée des 12 singes12 Monkeys
28.8%
Boulevard du crépusculeSunset Blvd.
24.3%
Ève All About Eve
21.6%
Histoire de jouetsToy Story
20.7%
Un jour sans fin Groundhog Day
20.3%
Comme un taureau sauvageRaging Bull
17.1%
Impitoyable Unforgiven
11%
Le voyage de ChihiroSpirited Away
10%
Les sentiers de la gloirePaths of Glory
6.6%

You're not logged in!

Compare scores with friends on all Sporcle quizzes.
OR
Log In

You Might Also Like...

Show Comments

Extras

Top Quizzes Today


Score Distribution

Your Account Isn't Verified!

In order to create a playlist on Sporcle, you need to verify the email address you used during registration. Go to your Sporcle Settings to finish the process.

Report this User

Report this user for behavior that violates our Community Guidelines.

Details: